[Event "Ambelokipi op 134th"]
[Site "Athens"]
[Date "2013.06.12"]
[Round "5"]
[White "Foutouhos, Dimitrios"]
[Black "Delis, Georgios"]
[Result "0-1"]
[WhiteElo "1411"]
[BlackElo "1852"]
[PlyCount "76"]
[EventDate "2013.05.15"]
[EventType "swiss"]
[EventRounds "7"]
[EventCountry "GRE"]
[SourceTitle "EXT 2024"]
[Source "ChessBase"]
[SourceDate "2023.10.10"]
[SourceVersion "1"]
[SourceVersionDate "2023.10.10"]
[SourceQuality "1"]

1. e4 c5 2. Nf3 e6 3. d4 cxd4 4. Nxd4 Nc6 5. Be3 Nf6 6. f3 d5 7. exd5 Nxd5 8. Nxc6 bxc6 9. Bf2 Qg5 10. h4 Qe5+ 11. Be2 Ne3 12. Bxe3 Qxe3 13. Qd2 Qe5 14. Nc3 Qg3+ 15. Kf1 Be7 16. Ne4 Qe5 17. Qc3 Qxc3 18. Nxc3 Rb8 19. b3 Bf6 20. g4 Bxc3 21. Rd1 0-0 22. h5 c5 23. g5 Bb7 24. g6 fxg6 25. hxg6 hxg6 26. Rd3 Bd4 27. c3 Be5 28. Re3 Bc7 29. Bc4 Rxf3+ 30. Rxf3 Bxf3 31. Bxe6+ Kf8 32. Rh3 Ke7 33. Bc4 Rf8 34. Ke1 g5 35. Kd2 g4 36. Rh2 Bf4+ 37. Ke1 Bh6 38. Bd3 g3 0-1

[Event "Petroupoli ASOP Dias Seniors op"]
[Site "Petroupoli"]
[Date "2013.04.27"]
[Round "5.9"]
[White "Kavvadas, Dionisios"]
[Black "Foutouhos, Dimitrios"]
[Result "1-0"]
[WhiteElo "1365"]
[BlackElo "1416"]
[PlyCount "99"]
[EventDate "2013.03.30"]
[EventType "swiss"]
[EventRounds "7"]
[EventCountry "GRE"]
[SourceTitle "EXT 2024"]
[Source "ChessBase"]
[SourceDate "2023.10.10"]
[SourceVersion "1"]
[SourceVersionDate "2023.10.10"]
[SourceQuality "1"]

1. e4 c6 2. d4 d5 3. Nc3 dxe4 4. Nxe4 Bf5 5. Ng3 Bg6 6. h4 h6 7. Nf3 Nf6 8. h5 Bh7 9. Bd3 Bxd3 10. Qxd3 e6 11. Bf4 Nbd7 12. 0-0-0 Qa5 13. Kb1 0-0-0 14. Qb3 Qb6 15. Qxb6 axb6 16. Rhe1 Nd5 17. Bd2 Bd6 18. Ne5 Nxe5 19. dxe5 Bc7 20. c4 Ne7 21. Bc3 c5 22. Kc2 Nc6 23. Nf1 Rxd1 24. Kxd1 Rd8+ 25. Kc2 Nd4+ 26. Bxd4 Rxd4 27. b3 Rh4 28. Ng3 Rh2 29. Re2 Rxg2 30. Kd3 Rh2 31. Kd2 Kd7 32. Kd3 Kc6 33. a4 Kd7 34. Kd2 Ke7 35. Kd3 f6 36. exf6+ gxf6 37. Nf5+ Kf8 38. Rxe6 Rh3+ 39. Kc2 Be5 40. Rxb6 Rf3 41. Nxh6 Rxf2+ 42. Kd3 Kg7 43. Ng4 Rf3+ 44. Ke2 Rf4 45. Rxb7+ Kf8 46. Nxe5 Re4+ 47. Kf3 Rxe5 48. h6 Kg8 49. a5 Re1 50. a6 1-0

[Event "Petroupoli ASOP Dias Seniors op"]
[Site "Petroupoli"]
[Date "2012.11.03"]
[Round "1.1"]
[White "Mihotas, Petros"]
[Black "Foutouhos, Dimitrios"]
[Result "1-0"]
[WhiteElo "1835"]
[BlackElo "1378"]
[PlyCount "83"]
[EventDate "2012.11.03"]
[EventType "swiss"]
[EventRounds "7"]
[EventCountry "GRE"]
[SourceTitle "EXT 2024"]
[Source "ChessBase"]
[SourceDate "2023.10.10"]
[SourceVersion "1"]
[SourceVersionDate "2023.10.10"]
[SourceQuality "1"]

1. e4 e6 2. d4 d5 3. Nd2 dxe4 4. Nxe4 Nd7 5. Bd3 Ngf6 6. Qe2 Be7 7. Nf3 Nxe4 8. Bxe4 Nf6 9. Bxb7 Rb8 10. Bc6+ Bd7 11. Ne5 Rb6 12. Bxd7+ Nxd7 13. Nxd7 Qxd7 14. c3 c5 15. Be3 Qc7 16. dxc5 Bxc5 17. Qc4 Rc6 18. Bxc5 Rxc5 19. Qa4+ Ke7 20. 0-0 Qa5 21. Qxa5 Rxa5 22. Rfd1 Rd5 23. c4 Rxd1+ 24. Rxd1 Rc8 25. b3 a5 26. f4 a4 27. h4 h5 28. g3 Rc5 29. Kf2 f6 30. Rd4 a3 31. b4 Rc7 32. c5 e5 33. fxe5 fxe5 34. Rd5 Ke6 35. Rd6+ Kf5 36. Ke3 Rb7 37. Rb6 Rd7 38. c6 Rd1 39. b5 e4 40. c7 Rd3+ 41. Ke2 Rc3 42. Rc6 1-0

[Event "Petroupoli op 5th"]
[Site "Petroupoli"]
[Date "2012.09.12"]
[Round "2"]
[White "Mihotas, Petros"]
[Black "Foutouhos, Dimitrios"]
[Result "1-0"]
[WhiteElo "1872"]
[BlackElo "1386"]
[PlyCount "43"]
[EventDate "2012.09.08"]
[EventType "swiss"]
[EventRounds "7"]
[EventCountry "GRE"]
[SourceTitle "CBM 150 Extra"]
[Source "ChessBase"]
[SourceDate "2012.10.19"]
[SourceVersion "1"]
[SourceVersionDate "2012.10.19"]
[SourceQuality "1"]

1. e4 c5 2. Nc3 d6 3. Nf3 Nf6 4. d4 cxd4 5. Nxd4 Nc6 6. Be2 g6 7. Be3 Bg7 8. Qd2 Ng4 9. Bxg4 Bxg4 10. f3 Bd7 11. 0-0-0 Ne5 12. Bh6 Nc4 13. Qg5 Bxd4 14. Rxd4 f6 15. Qd5 Nb6 16. Qb3 e6 17. Rxd6 Qe7 18. Rhd1 Kf7 19. Be3 Rhd8 20. Bxb6 Ba4 21. Bxd8 Rxd8 22. Rxd8 1-0

[Event "Fyli op 4th"]
[Site "Fyli"]
[Date "2012.05.12"]
[Round "5"]
[White "Foutouhos, Dimitrios"]
[Black "Papadopoulos, Georgios"]
[Result "0-1"]
[WhiteElo "1275"]
[BlackElo "1849"]
[PlyCount "56"]
[EventDate "2012.03.24"]
[EventType "swiss"]
[EventRounds "7"]
[EventCountry "GRE"]
[SourceTitle "EXT 2013"]
[Source "ChessBase"]
[SourceDate "2012.11.22"]
[SourceVersion "1"]
[SourceVersionDate "2012.11.22"]
[SourceQuality "1"]

1. d4 Nf6 2. c4 c5 3. d5 g6 4. Nc3 Bg7 5. Nf3 d6 6. g3 0-0 7. Bg2 a6 8. 0-0 Nbd7 9. Re1 Qc7 10. e4 Ng4 11. Bh3 Nge5 12. Nxe5 Nxe5 13. Bxc8 Qxc8 14. Qe2 Qh3 15. f3 f5 16. Qg2 Qh5 17. Rf1 Nxc4 18. Ne2 fxe4 19. Nf4 Bd4+ 20. Kh1 exf3 21. Rxf3 Qf5 22. Qe2 Ne5 23. Rb3 b5 24. Be3 Bxe3 25. Rxe3 Rf6 26. Ne6 Ng4 27. Rd1 Nxe3 28. Qxe3 Qf3+ 0-1

[Event "Petroupoli ASOP Dias op 2nd"]
[Site "Petroupoli"]
[Date "2012.02.18"]
[Round "3.1"]
[White "Abelakiotis, Stavros"]
[Black "Foutouhos, Dimitrios"]
[Result "0-1"]
[WhiteElo "1000"]
[BlackElo "1275"]
[PlyCount "100"]
[EventDate "2012.02.11"]
[EventType "swiss"]
[EventRounds "7"]
[EventCountry "GRE"]
[SourceTitle "EXT 2024"]
[Source "ChessBase"]
[SourceDate "2023.10.10"]
[SourceVersion "1"]
[SourceVersionDate "2023.10.10"]
[SourceQuality "1"]

1. e4 e6 2. d4 d5 3. Bd3 dxe4 4. Bxe4 Nf6 5. Nc3 Bb4 6. Bg5 h6 7. Bxf6 Bxc3+ 8. bxc3 Qxf6 9. Qf3 Nd7 10. Ne2 Rb8 11. Rb1 Qxf3 12. Bxf3 Nb6 13. 0-0 Nc4 14. Rfd1 Na3 15. Rb2 Nc4 16. Rb3 0-0 17. Nf4 b6 18. Be4 Nd6 19. Bc6 Nc4 20. d5 Na5 21. Ra3 Nxc6 22. dxc6 a5 23. Rb3 e5 24. Nd5 Be6 25. c4 Rfd8 26. Rbd3 Bxd5 27. Rxd5 Rxd5 28. Rxd5 f6 29. g3 Rf8 30. c5 b5 31. Rd7 Rf7 32. f4 exf4 33. gxf4 Kf8 34. f5 Rxd7 35. cxd7 Ke7 36. d8Q+ Kxd8 37. Kf2 Kd7 38. Ke3 c6 39. Kd4 Ke7 40. h4 h5 41. c4 b4 42. Kd3 a4 43. Kc2 Kf7 44. Kb2 g6 45. fxg6+ Kxg6 46. a3 b3 47. Kc3 f5 48. Kd3 f4 49. Ke4 b2 50. Kxf4 b1Q 0-1

[Event "Petroupoli op"]
[Site "Petroupoli"]
[Date "2012.01.14"]
[Round "1"]
[White "Foutouhos, Dimitrios"]
[Black "Giannoulis, Dionisios"]
[Result "0-1"]
[WhiteElo "1269"]
[BlackElo "1736"]
[PlyCount "140"]
[EventDate "2012.01.14"]
[EventType "swiss"]
[EventRounds "7"]
[EventCountry "GRE"]
[SourceTitle "EXT 2013"]
[Source "ChessBase"]
[SourceDate "2012.11.22"]
[SourceVersion "1"]
[SourceVersionDate "2012.11.22"]
[SourceQuality "1"]

1. e4 c6 2. d4 d5 3. Nc3 dxe4 4. Nxe4 Nd7 5. Nf3 Ngf6 6. Bd3 Nxe4 7. Bxe4 Nf6 8. Bd3 Bg4 9. Be2 e6 10. c3 Bd6 11. Ne5 Bxe2 12. Qxe2 0-0 13. Bg5 Re8 14. 0-0-0 a5 15. h4 h6 16. Qf3 Be7 17. Bxf6 Bxf6 18. Qh5 Qe7 19. g4 Red8 20. g5 hxg5 21. hxg5 Bxg5+ 22. Kb1 Bh6 23. Ng4 Qg5 24. Rdg1 Qxh5 25. Rxh5 Bf4 26. Nf6+ Kf8 27. Rh8+ Ke7 28. Rxd8 Rxd8 29. Nh5 Bh6 30. Nxg7 Rd5 31. Kc2 Kf8 32. Nxe6+ fxe6 33. Rg6 Bg7 34. Rxe6 Rf5 35. Re2 Rf3 36. Kd2 b5 37. Ke1 b4 38. Re3 Rf5 39. Ke2 Kf7 40. Rf3 Ke6 41. Rxf5 Kxf5 42. Kf3 Bh6 43. cxb4 axb4 44. a4 Bf4 45. a5 Bc7 46. a6 Bb6 47. Ke3 b3 48. Kd3 Kf4 49. Kc4 Ke4 50. f3+ Ke3 51. Kxb3 Kxd4 52. Kb4 Ke3 53. Kc4 Kxf3 54. b4 Ke4 55. Kb3 Ke5 56. Kc4 Kd6 57. Kc3 Kc7 58. Kc4 Kb8 59. b5 c5 60. Kd5 Kc7 61. Kc4 Kd6 62. Kc3 Kd5 63. Kd3 c4+ 64. Kc3 Kc5 65. Kb2 Kxb5 66. Ka3 Bc5+ 67. Kb2 Kxa6 68. Kc3 Kb5 69. Kb2 Kb4 70. Kc2 c3 0-1

[Event "Petroupoli op 7th"]
[Site "Petroupoli"]
[Date "2011.11.23"]
[Round "4"]
[White "Foutouhos, Dimitrios"]
[Black "Vlassopoulos, Nikos"]
[Result "1-0"]
[WhiteElo "1251"]
[BlackElo "1586"]
[PlyCount "61"]
[EventDate "2011.11.12"]
[EventType "swiss"]
[EventRounds "7"]
[EventCountry "GRE"]
[SourceTitle "EXT 2013"]
[Source "ChessBase"]
[SourceDate "2012.11.22"]
[SourceVersion "1"]
[SourceVersionDate "2012.11.22"]
[SourceQuality "1"]

1. e4 e5 2. Nf3 Nc6 3. Bb5 a6 4. Ba4 b5 5. Bb3 Nf6 6. 0-0 Bc5 7. c3 d6 8. d4 Bb6 9. dxe5 Nxe4 10. exd6 Nxd6 11. Re1+ Ne7 12. Be3 c5 13. Bf4 Nc4 14. Qxd8+ Bxd8 15. Bxc4 bxc4 16. Bd6 Ra7 17. Bxc5 Rd7 18. Nbd2 0-0 19. Bxe7 Bxe7 20. Nxc4 Bd8 21. Re2 Bb7 22. Rae1 Bc6 23. Nce5 Bxf3 24. Nxf3 Bc7 25. Re8 Bb6 26. Rxf8+ Kxf8 27. Kf1 f6 28. b4 Kf7 29. c4 Rb7 30. c5 Bc7 31. a3 1-0

[Event "Petroupoli op 7th"]
[Site "Petroupoli"]
[Date "2011.11.19"]
[Round "3"]
[White "Grapsas, Panagiotis"]
[Black "Foutouhos, Dimitrios"]
[Result "1/2-1/2"]
[WhiteElo "1479"]
[BlackElo "1251"]
[PlyCount "86"]
[EventDate "2011.11.12"]
[EventType "swiss"]
[EventRounds "7"]
[EventCountry "GRE"]
[SourceTitle "EXT 2013"]
[Source "ChessBase"]
[SourceDate "2012.11.22"]
[SourceVersion "1"]
[SourceVersionDate "2012.11.22"]
[SourceQuality "1"]

1. e4 e6 2. d4 d5 3. e5 c5 4. c3 Qb6 5. Nf3 Bd7 6. Bd3 Bb5 7. 0-0 Bxd3 8. Qxd3 Nd7 9. Nbd2 Nh6 10. Ng5 Nf5 11. g4 h6 12. Nxf7 Kxf7 13. gxf5 cxd4 14. cxd4 Be7 15. Kh1 Ke8 16. Rg1 exf5 17. Qxf5 Qxd4 18. Qg6+ Kd8 19. Qxg7 Qxe5 20. Qxe5 Nxe5 21. f4 Nd3 22. Nb3 Bf6 23. Be3 Re8 24. Bc5 Nxc5 25. Nxc5 b6 26. Rg6 bxc5 27. Rxf6 Kd7 28. Rxh6 Re2 29. Rh5 Ke6 30. Rd1 Rd8 31. h4 Rxb2 32. Re5+ Kf6 33. Rexd5 Rxd5 34. Rxd5 Rxa2 35. Rxc5 Rf2 36. Rc4 Kf5 37. h5 Rf3 38. Kg2 Rb3 39. h6 Kg6 40. Rc6+ Kh7 41. f5 a5 42. Ra6 Rb5 43. Kg3 Rxf5 1/2-1/2

[Event "Petroupoli op 6th"]
[Site "Petroupoli"]
[Date "2011.10.29"]
[Round "5"]
[White "Foutouhos, Dimitrios"]
[Black "Pavlis, Antonios"]
[Result "0-1"]
[WhiteElo "1260"]
[BlackElo "1742"]
[PlyCount "54"]
[EventDate "2011.10.15"]
[EventType "swiss"]
[EventRounds "7"]
[EventCountry "GRE"]
[SourceTitle "EXT 2013"]
[Source "ChessBase"]
[SourceDate "2012.11.22"]
[SourceVersion "1"]
[SourceVersionDate "2012.11.22"]
[SourceQuality "1"]

1. d4 e5 2. dxe5 f6 3. Nf3 Nc6 4. exf6 Nxf6 5. Bg5 Bc5 6. e3 0-0 7. Bc4+ Kh8 8. 0-0 d5 9. Bd3 Bg4 10. h3 Bh5 11. Nbd2 Qd7 12. Bxf6 Rxf6 13. Ne5 Qe8 14. g4 Qxe5 15. Nf3 Qe6 16. gxh5 Qxh3 17. Ng5 Qh4 18. Nxh7 Rh6 19. Bg6 Bd6 20. f4 Qg3+ 21. Kh1 Qxg6 22. Ng5 Rxh5+ 23. Kg1 d4 24. exd4 Bxf4 25. Rxf4 Rxg5+ 26. Kf2 Rg2+ 27. Ke3 Re8+ 0-1

[Event "Petroupoli op 6th"]
[Site "Petroupoli"]
[Date "2011.10.22"]
[Round "3"]
[White "Foutouhos, Dimitrios"]
[Black "Mavroudis, Dionisios"]
[Result "0-1"]
[WhiteElo "1260"]
[BlackElo "1650"]
[PlyCount "90"]
[EventDate "2011.10.15"]
[EventType "swiss"]
[EventRounds "7"]
[EventCountry "GRE"]
[SourceTitle "EXT 2013"]
[Source "ChessBase"]
[SourceDate "2012.11.22"]
[SourceVersion "1"]
[SourceVersionDate "2012.11.22"]
[SourceQuality "1"]

1. d4 e6 2. c4 c5 3. d5 exd5 4. cxd5 d6 5. e4 a6 6. Nf3 b5 7. Be2 g6 8. 0-0 Bg7 9. a4 b4 10. Nbd2 Nf6 11. Bd3 0-0 12. Nc4 a5 13. Bf4 Ne8 14. Re1 Ba6 15. Rb1 Bxc4 16. Bxc4 Nc7 17. e5 dxe5 18. Bxe5 Bxe5 19. Nxe5 Qd6 20. Qd3 Kg7 21. Rbd1 Re8 22. Nf3 Nd7 23. Nd2 Rxe1+ 24. Rxe1 Nf6 25. Ne4 Nxe4 26. Rxe4 Rd8 27. g3 Nxd5 28. Qxd5 Qxd5 29. Bxd5 Rxd5 30. Re7 Rd2 31. b3 Rd3 32. Rc7 Rc3 33. Rc6 h5 34. h4 f6 35. Ra6 Rxb3 36. Rxa5 c4 37. Rc5 c3 38. a5 Ra3 39. Kg2 Ra2 40. Rc4 c2 41. a6 b3 42. Rc7+ Kf8 43. a7 Rxa7 44. Rxa7 c1Q 45. Ra8+ Ke7 0-1

[Event "Petroupoli op 6th"]
[Site "Petroupoli"]
[Date "2011.10.19"]
[Round "2"]
[White "Gribilas, Mihail"]
[Black "Foutouhos, Dimitrios"]
[Result "0-1"]
[WhiteElo "1000"]
[BlackElo "1260"]
[PlyCount "100"]
[EventDate "2011.10.15"]
[EventType "swiss"]
[EventRounds "7"]
[EventCountry "GRE"]
[SourceTitle "EXT 2013"]
[Source "ChessBase"]
[SourceDate "2012.11.22"]
[SourceVersion "1"]
[SourceVersionDate "2012.11.22"]
[SourceQuality "1"]

1. d4 Nf6 2. Nf3 e6 3. Bf4 Be7 4. e3 0-0 5. h3 d6 6. g4 Nbd7 7. Nbd2 c5 8. c3 cxd4 9. cxd4 Qa5 10. Bd3 b6 11. g5 Nh5 12. h4 Nxf4 13. exf4 f5 14. Qe2 Rf7 15. h5 h6 16. Qxe6 Nc5 17. Qe3 Nxd3+ 18. Qxd3 Bd8 19. 0-0-0 Qxa2 20. Qb3 Qxb3 21. Nxb3 Be6 22. d5 Rc7+ 23. Kb1 Bf7 24. g6 Be8 25. Rde1 Bf6 26. Re2 Rc4 27. Rhe1 Kf8 28. Rd1 Ba4 29. Ka2 Bxb3+ 30. Kxb3 Rxf4 31. Ng1 Re8 32. Rxe8+ Kxe8 33. f3 Bd4 34. Ne2 Rxf3+ 35. Kc2 Rf2 36. Rxd4 Rxe2+ 37. Kb3 Rh2 38. Rc4 Kd7 39. Ra4 a5 40. Rc4 Rxh5 41. Rc6 Rh4 42. Rxb6 Rb4+ 43. Rxb4 axb4 44. Kc2 h5 45. Kd2 Ke7 46. Ke3 Kf6 47. Kf3 Kxg6 48. Kg3 Kf6 49. Kf4 g5+ 50. Kf3 Ke5 0-1